000 00608nam a2200193 i 4500
001 142103
003 ES-MaACL
005 20230906200438.0
007 t|
008 071002s1932 fr a |||| |bfre d
080 _a929 Isabel(460)I
100 1 _aWalsh, William Thomas.
_9115996
245 1 0 _aIsabelle la Catholique 1451-1504 /
_cW. T. Walsh ; edition française par Henri Carre.
260 _aParis :
_bJ. Dardaillon,
_c1932.
300 _a412 p. :
_bil. ;
_c23 cm.
600 0 4 _aIsabel
_bI,
_cReina de Castilla-
_xBiografĂ­as.
_965523
700 1 _aCarre, Henri.
_935595
852 _aES-MaACL
_jA-3424
999 _c142103
_d142103